000 01747nam a2200277 a 4500
001 0000031588
003 CO-CtgCURN
005 20250329165501.0
008 161103s2016 000 0 eng d
040 _aCO-CtgCURN
_bspa
_ccoctgcurn
082 0 _aODO 2016
_bS235
100 1 _aSantiago Medellin, Stephanie.
245 1 0 _aManipulacion de dos tipos de marcas comerciales de alginatos diagnosticas por los estudiantes de pregrados de la clinica odontologica de la corporacion universitaria rafael nuñez, segundo periodo de 2015 /
_cYony Alexander Zuluaga Ciro; Antonio Palomino Reyes; Asesor Ballesteros Oliva, Yuri, Fortich Mesa, Natalia ,.
260 _aCartagena de Indias, D.T. :
_bCorporacion Universitaria "Rafael Nuñez",
_c2016.
300 _a1 CD-Rom.
336 _2rdacontent
337 _2rdamedia
_asin mediacion
_bn
338 _2rdacarrier
_avolumen
_bnc
502 _aTrabajo de grado (Odontologa). Corporacion Universitaria "Rafael Nuñez" Facultad de Ciencias de la Salud. Programa de Odontoologia, 2012.
520 _aLos alginatos son materiales con buenos resultados clinicos para la toma de impresiones preliminares. Para este fin, es necesario utilizar una tecnica correcta de manipulacion, considerando los protocolos que ofrecen las casas comerciales para obtener una impresion sin distorsiones e irregularidades.
650 0 _aOdontologia
_xTesis y Disertaciones academicas.
700 1 _aZuluaga Ciro, Yony Alexander.
856 _uhttps://unicurn.sharepoint.com/:b:/s/biblioteca/EW_lPkWHIGlEh7rRtG4CIDoBvhJIfA9iEc814296Rcc1oA?e=9yF6hS
_zClick aqui para ver el recurso en texto completo
942 _hODO 2016
_iS235
_2ddc
_cTG
999 _c5543
_d5543